000
00268nam a2200109Ia 4500
008
220216s9999 xx 000 0 und d
100
_a
Nair V K B
245
0
_a
Improved planting materials in rubber
260
_b
Rubber Reporter
_c
1978
300
_a
85-86
942
_c
JS
999
_c
60844
_d
60844